L'industrie siderurgique en belgique
Đã lưu trong:
| 主要作者: | |
|---|---|
| 格式: | 圖書 |
| 語言: | Undetermined |
| 出版: |
Paris
1974
|
| 主題: | |
| 標簽: |
添加標簽
沒有標簽, 成為第一個標記此記錄!
|
| Thư viện lưu trữ: | Trung tâm Học liệu Trường Đại học Cần Thơ |
|---|
| LEADER | 00470nam a2200169Ia 4500 | ||
|---|---|---|---|
| 001 | CTU_99579 | ||
| 008 | 210402s9999 xx 000 0 und d | ||
| 082 | |a 338.47669 | ||
| 082 | |b I.59 | ||
| 100 | |a Installe, M. | ||
| 245 | 0 | |a L'industrie siderurgique en belgique | |
| 245 | 0 | |c M. Installe | |
| 260 | |a Paris | ||
| 260 | |c 1974 | ||
| 650 | |a Steel industry and trade,Iron industry and trade | ||
| 904 | |i Truc | ||
| 980 | |a Trung tâm Học liệu Trường Đại học Cần Thơ | ||